000 01043cam a22003497a 4500
003 CHAP
005 20220817043705.0
008 000727d1998 it a rn 00110 eng d
010 _a81864
011 _a82836
020 _a9290433906
035 _a93341
040 _cCHAP
090 _aFolleto 13490 v.19
110 2 _aFAO
245 1 0 _aPotato
_c/by Colin J. Jeffries
260 _aRome :
_bFAO,
_c1998.
300 _a177 p. :
_bilus.
410 _aFAO
490 0 _aFAO. IPGRI technical guidelines for the safe movement of germplasm
_v; 19
590 _aBATCH-UPD
_b10
_c20130110
_lUCH01
_h0402
590 _aCONVERSION
_b10
_c20130109
_lUCH01
_h1345
650 1 4 _aPapa
_xGermoplasma.
_985242
650 1 4 _aPapa
_xPlagas.
_985270
700 0 _aJeffries, Colin J.
_961288
810 0 _aFAO
830 0 _aFAO. IPGRI technical guidelines for the safe movement of germplasm
_v; 19
_939607
901 _aBK
905 _aLilia Sánchez G.
942 _cFOLL
949 _aFolleto 13490 v.19
_bBC
_cFAO
_d933411
_eFAO1
_i93341
_kDonaciØn
_sb
999 _c81864
_d81864